000 00567nam a2200229Ia 4500
003 OSt
005 20220923230115.0
006 a|||||r|||| 00| 0
007 ta
008 Pun
024 _a277,386
037 _cTextual
040 _aARTS
_cARTS
_bPun
041 _2Pun
_aPun
082 _aO153.3N332,RD, K5
100 _aਸੁਖਬੀਰ
245 0 _aਰਾਤ ਦਾ ਚਿਹਰ
260 _c1965
650 _aਪੰਜਾਬੀ ਨਾਵਲ
942 _hO153.3N332,RD, K5
_cTEXL
_2CC
999 _c382503
_d382503